000 01941cam a22003137a 4500
001 18158122
003 LC
005 20160222140316.0
008 140520s2013 tnua 000 0 eng d
010 _a 2012287131
020 _a9781400322312
020 _a1400322316
035 _a(OCoLC)ocn855535060
040 _aIMF
_cIMF
_dBTCTA
_dBDX
_dCGP
_dYW6
_dAHS
_dDLC
042 _alccopycat
050 0 0 _aBV4596.S5
_bH34 2013
100 1 _aHale, Mandy.
245 1 4 _aThe single woman :
_blife, love, and a dash of sass /
_cMandy Hale
260 _aNashville :
_bThomas Nelson,
_cc2013.
300 _axix, 204 p. :
_bill. ;
_c22 cm.
505 0 _aHappily single -- Being you and loving it -- Living your best life -- Matters of the heart : love, dating, and friendships -- Letting go and moving on -- The bigger picture -- Making a difference -- The single woman's journey.
520 _aMandy Hale, also known by her many blog readers and Twitter fans as The Single WomanTM, shares her stories, advice, and enthusiasm for living life as an empowered, confident, God-centered woman who doesn't just resign herself to being single, she enjoys it! Being single has had its stigmas, but Mandy proves it has its advantages too, and she uses wisdom and wit to inspire her fellow single ladies to celebrate and live fully in the life God has given them. Mandy encourages her readers on subjects such as taking chances, building friendships, letting go, and finding a greater purpose. With her help, readers can stop worrying about happily ever after and discover a happy life instead.
650 0 _aSingle women
_xReligious life.
650 0 _aChristian women
_xReligious life.
856 4 2 _3Publisher description
_uhttp://www.loc.gov/catdir/enhancements/fy1408/2012287131-d.html
906 _a7
_bcbc
_ccopycat
_d2
_encip
_f20
_gy-gencatlg
942 _2lcc
_cBK
999 _c287806
_d287806